[Event "Mittelrhein Verbandsliga Ost 1415"]
[Site "Mittelrhein"]
[Date "2014.10.19"]
[Round "3.5"]
[White "Schade, Frederik"]
[Black "Sondors, Peteris"]
[Result "1-0"]
[WhiteElo "1709"]
[BlackElo "1936"]
[PlyCount "103"]
[EventDate "2014.09.07"]
[EventType "team-tourn"]
[EventRounds "11"]
[EventCountry "GER"]
[SourceTitle "EXT 2023"]
[Source "ChessBase"]
[SourceDate "2022.10.05"]
[SourceVersion "1"]
[SourceVersionDate "2022.10.05"]
[SourceQuality "1"]
[WhiteTeam "Fritzdorf"]
[BlackTeam "Godesberg IV"]
[WhiteTeamCountry "GER"]
[BlackTeamCountry "GER"]

1. d4 Nf6 2. Bg5 e6 3. c4 Be7 4. Nc3 b6 5. Nf3 Bb7 6. e3 h6 7. Bh4 d5 8. cxd5 Nxd5 9. Bxe7 Qxe7 10. Bb5+ c6 11. Be2 Nxc3 12. bxc3 Nd7 13. 0-0 0-0 14. a4 Rfd8 15. Qb3 c5 16. a5 cxd4 17. cxd4 Bd5 18. Qb2 Rab8 19. axb6 Rxb6 20. Qc3 Nb8 21. Ne5 Qb7 22. Bf3 Bxf3 23. Nxf3 Rb3 24. Rxa7 Qb5 25. Qc7 Rf8 26. h3 Nc6 27. Raa1 Nb4 28. Ne5 Nd5 29. Qc6 Qe2 30. Ra8 Rc3 31. Rxf8+ Kxf8 32. Qd7 Kg8 33. Qxf7+ Kh8 34. Qe8+ Kh7 35. Qg6+ Kh8 36. Nf7+ Kg8 37. Nxh6+ Kh8 38. Ng4 Qa2 39. Qxe6 Qa8 40. Qe5 Rc2 41. Rb1 Rc8 42. Qf5 Nc3 43. Re1 Ne4 44. Ne5 Kg8 45. Qe6+ Kh7 46. d5 Nf6 47. d6 Rd8 48. g4 Qa5 49. Rf1 Qb4 50. g5 Rg8 51. Qf5+ g6 52. Qxf6 1-0